000 00641nam a2200229Ia 4500
003 BUBTL
008 151213s9999 xx 000 0 und d
020 _a81-7177-088-6
082 _a347.07254/MOL
100 _aP.C.Mogla & A.Kader
_93983
245 _aThe Law of Pleadings in India
_cP.C.Mogla & A.Kader
250 _a16th
260 _aNew Delhi
_bEastern Law Book
_cc2003
300 _a[xxxiii] , 1091p . :
_b22 cm.
500 _aIncludes Index
650 _aLaw
_93984
650 _aLaw
_93984
700 _aP.C.Mogla & A.Kader
_93983
856 _k0
_l0
_yDownload
942 _2ddc
_cBK
999 _c2249
_d2249